Library Banner

American Islam/ (Record no. 97152)

MARC details
000 -LEADER
fixed length control field 00400nam a22001577a 4500
005 - DATE AND TIME OF LATEST TRANSACTION
control field 20170816103728.0
008 - FIXED-LENGTH DATA ELEMENTS--GENERAL INFORMATION
fixed length control field 170816b xxu||||| |||| 00| 0 eng d
020 ## - INTERNATIONAL STANDARD BOOK NUMBER
International Standard Book Number 0802783430
040 ## - CATALOGING SOURCE
Transcribing agency PK-LaUMT
082 ## - DEWEY DECIMAL CLASSIFICATION NUMBER
Classification number ZIAC 297
Item number WOR-A
100 ## - MAIN ENTRY--PERSONAL NAME
Personal name Wormser , Richard
245 ## - TITLE STATEMENT
Title American Islam/
Statement of responsibility, etc Richard Wormser
260 ## - PUBLICATION, DISTRIBUTION, ETC. (IMPRINT)
Place of publication, distribution, etc New York:
Name of publisher, distributor, etc Walker and company,
Date of publication, distribution, etc 1994
300 ## - PHYSICAL DESCRIPTION
Extent 130 p.
942 ## - ADDED ENTRY ELEMENTS (KOHA)
Koha item type Books
Holdings
Withdrawn status Lost status Damaged status Home library Current library Date acquired Full call number Barcode Date last seen Price effective from Koha item type
      UMT Main Campus UMT Main Campus 2017-08-16 ZIAC 297 WOR-A 112889 2017-08-16 2017-08-16 Books